Fine pitch surface mount technology : quality, design, and manufacturing techniques /

Marcoux's new work on this still relatively young technology - the first technical book ever on FPT - makes a powerful case for FPT's unique advantages, including its ability to produce higher yields at lower costs while ensuring product reliability. Indeed Fine Pitch Surface mount Technol...

Full description

Bibliographic Details
Main Author: Marcoux, Philip P.
Corporate Author: SpringerLink (Online service)
Format: eBook
Language:English
Published: New York : Van Nostrand Reinhold, [1992]
Series:Electrical engineering series.
Subjects:
Online Access:Connect to the full text of this electronic book

MARC

Tag First Indicator Second Indicator Subfields
LEADER 00000cam a2200000Ka 4500
001 in00003501608
006 m o d
007 cr bn||||||abp
007 cr bn||||||ada
008 100702s1992 nyua ob 001 0 eng d
005 20260420204551.6
019 |a 608998560 
020 |a 9781461535324 (electronic bk.) 
020 |a 1461535328 (electronic bk.) 
020 |z 0442008627 
020 |z 9780442008628 
035 |a (OCoLC)645824869  |z (OCoLC)608998560 
040 |a OCLCE  |b eng  |e pn  |c OCLCE  |d OCLCQ  |d OCLCF  |d GW5XE  |d UtOrBLW 
042 |a dlr 
049 |a TXAM 
050 4 |a TK7874  |b .M259 1992 
082 0 4 |a 621.381/5  |2 20 
084 |a ZN 4130  |2 rvk 
100 1 |a Marcoux, Philip P. 
245 1 0 |a Fine pitch surface mount technology :  |b quality, design, and manufacturing techniques /  |c Phil P. Marcoux. 
264 1 |a New York :  |b Van Nostrand Reinhold,  |c [1992] 
264 4 |c ©1992 
300 |a 1 online resource (xi, 340 pages) :  |b illustrations 
336 |a text  |b txt  |2 rdacontent 
337 |a computer  |b c  |2 rdamedia 
338 |a online resource  |b cr  |2 rdacarrier 
490 1 |a Electrical engineering series 
504 |a Includes bibliographical references and index. 
538 |a Master and use copy. Digital master created according to Benchmark for Faithful Digital Reproductions of Monographs and Serials, Version 1. Digital Library Federation, December 2002.  |u http://purl.oclc.org/DLF/benchrepro0212  |5 MiAaHDL 
583 1 |a digitized  |c 2010  |h HathiTrust Digital Library  |l committed to preserve  |2 pda  |5 MiAaHDL 
588 |a Description based on print version record. 
520 |a Marcoux's new work on this still relatively young technology - the first technical book ever on FPT - makes a powerful case for FPT's unique advantages, including its ability to produce higher yields at lower costs while ensuring product reliability. Indeed Fine Pitch Surface mount Technology should go a long way toward promoting the more widespread use of FPT packaged components. 
500 |a Electronic resource. 
650 0 |a Integrated circuits  |x Design and construction. 
650 0 |a Fine pitch technology. 
650 0 7 |a Elektronisches Bauelement.  |2 swd 
650 0 7 |a Oberflächenmontage.  |2 swd 
650 7 |a Fine pitch technology.  |2 fast  |0 (OCoLC)fst00924828 
650 7 |a Integrated circuits  |x Design and construction.  |2 fast  |0 (OCoLC)fst00975545 
653 0 |a Integrated circuits  |a Design 
655 7 |a Electronic books.  |2 local 
710 2 |a SpringerLink (Online service) 
776 1 8 |i Print version:  |a Marcoux, Philip P.  |t Fine pitch surface mount technology.  |d New York : Van Nostrand Reinhold, ©1992  |w (DLC) 92003241  |w (OCoLC)25202691 
830 0 |a Electrical engineering series. 
856 4 0 |u http://proxy.library.tamu.edu/login?url=https://link.springer.com/10.1007/978-1-4615-3532-4  |z Connect to the full text of this electronic book  |t 0 
994 |a 92  |b TXA 
999 |a MARS 
999 f f |s 38879f0c-9cd4-38d7-8643-e1a7a86bbc54  |i 219871f9-7470-35ec-a7bf-165d09e8ddf3  |t 0 
952 f f |a Texas A&M University  |b College Station  |c Electronic Resources  |s www_evans  |d Available Online  |t 0  |e TK7874 .M259 1992  |h Library of Congress classification 
998 f f |a TK7874 .M259 1992  |t 0  |l Available Online